Um povo miúdo (Record no. 45400)
[ view plain ]
| 000 -Etiqueta do registo | |
|---|---|
| Valores | 00592cam a2200193 04500 |
| 100 ## - Dados gerais de processamento | |
| Dados gerais | 19931213d1943 m y0pory50030103ba |
| 101 0# - Língua de publicação | |
| Língua | por |
| 102 ## - País de publicação | |
| País | PT |
| 200 1# - Titulo e menção de responsabilidade | |
| Título próprio | Um povo miúdo |
| Informação de outro título | notas sobre a vida das abelhas |
| Primeira menção de responsabilidade | Eduardo Sousa de Almeida |
| 210 #9 - Publicação | |
| Local de publicação | Lisboa |
| Nome do editor | Cosmos, |
| Data de publicação | [1943] |
| 215 ## - Descrição física | |
| Paginação / Volumes | 153, [4] p. |
| Dimensões | 19 cm |
| 225 2# - Colecção | |
| Título próprio da colecção | Biblioteca Cosmos. |
| Indicação de volume | 33 |
| Número de parte ou secção | 1 Sec—cão, |
| Nome de parte ou secção | Ciências e Técnicas |
| Indicação de volume | 15 |
| 300 ## - Notas gerais | |
| Texto da nota | Notas sobre a vida das abelhas |
| 675 ## - CDU | |
| Notação | 638.1(035) |
| Edição | BN |
| Língua | por |
| 700 #1 - Autor principal | |
| Apelido | Almeida, |
| Nome | Eduardo Sousa de, |
| Datas | 1887-1958 |
| 801 #0 - Fonte de origem | |
| País | PT |
| Agência | BN |
| Regras de catalogação | RPC |
| 990 ## - Elementos KOHA | |
| Tipo de documento | Livro |
| Aquisição | Empréstimo | Código de barras | Cota | Permissão de empréstimo | Tipo de documento | Nota relativa ao exemplar |
|---|---|---|---|---|---|---|
| Biblioteca Municipal de Redondo | Biblioteca Municipal de Redondo | 056138 | 638.1 ALM | Consulta presencial | Livro | oferta de Vergílio Ambrósio. |